An idiot's guide to being an idiot (Record no. 77583)

MARC details
000 -LEADER
fixed length control field 01065cab a2200193 4500
001 - CONTROL NUMBER
control field ##L134588
008 - FIXED-LENGTH DATA ELEMENTS--GENERAL INFORMATION
fixed length control field 060817n2006 000 0 eng u
035 ## - SYSTEM CONTROL NUMBER
System control number (Sirsi) u134588
041 0# - LANGUAGE CODE
Language code of text/sound track or separate title eng
100 1# - MAIN ENTRY--PERSONAL NAME
Personal name Klein, Rudi
245 03 - TITLE STATEMENT
Title An idiot's guide to being an idiot
260 ## - PUBLICATION, DISTRIBUTION, ETC.
Date of publication, distribution, etc. 2006
490 #0 - SERIES STATEMENT
Series statement Building
Volume/sequential designation 271(8443) 11 August 2006, 37(1)
520 ## - SUMMARY, ETC.
Summary, etc. Argues against the practice of novation, whereby a specialist design team transfers the risk of its design liability work to design-and-build contractors, who then either attempt to pass on the design risk to sub-contractors or novate the design team to one or more of the sub-contractors. This practice can and often does lead to inefficiency, additional costs and disputes. A far better method is for the appointment of an inclusive design team at the outset of a project, so that all parties own the design and risk management decisions.
590 ## - LOCAL NOTE (RLIN)
Local note IKA220806
651 #4 - SUBJECT ADDED ENTRY--GEOGRAPHIC NAME
Geographic name United Kingdom
Chronological subdivision
690 ## - LOCAL SUBJECT ADDED ENTRY--TOPICAL TERM (OCLC, RLIN)
Topical term or geographic name as entry element BUILT ENVIRONMENT-CONSTRUCTION MANAGEMENT-BUILDING CONTRACT ADMINISTRATION
942 ## - ADDED ENTRY ELEMENTS (KOHA)
Suppress in OPAC 0
Holdings
Withdrawn status Lost status Source of classification or shelving scheme Damaged status Not for loan Home library Current library Shelving location Date acquired Total Checkouts Full call number Barcode Date last seen Copy number Price effective from Koha item type
    Dewey Decimal Classification     London London Journal article 17/08/2006   L134588 134588-1001 06/08/2019 1 06/08/2019 Journal article